000 00218 a2200097 4500
001 14342
100 _aPolard, H.M
245 _aPioneers of popula education
260 _aLondon
_bJohn murray
_c
090 _c11244
_d11244
942 _aNUST-CAE
_cM
_c1386
999 _c249415
_d249415